000 00853nam a22002177a 4500
003 OSt
005 20230119174037.0
008 220921b |||||||| |||| 00| 0 eng d
040 _cBiblioteca Lado V
082 _a700.74
_bC968a
110 _9595
_aCultural Services of the Ministry of Education and Culture of Cyprus Andreas Karayan
_eautor
245 _aAndreas Karayan Persone/
_b49. Esposizione internacionale D'arte/
260 _aColombia
_bLa Biennale di Venezia
_c1990
300 _a85p.
_c26x35cm
650 _2Tesauro de Arte & Arquitectura
_aGALERIA
650 _2Tesauro de Arte & Arquitectura
_aFOTOGRAFIA
650 _2Tesauro de Arte & Arquitectura
_aEXPOSICIONES
650 _2Tesauro de Arte & Arquitectura
_aARTE
650 _2Tesauro de Arte & Arquitectura
_aBIENNAL
942 _2ddc
_c1
_h700.74
_iC968a
_n0
999 _c2856
_d2856